000 01247nam0a22003011 4500
001 rc\2386314
005 20250623072029.0
035 _a(NLR Aleph) 006664402
090 _a4928550
_c4928550
100 _a20110829d1978 |||y0rusy50 ca
101 0 _arus
102 _aRU
105 _aa z |||||
200 1 _aОбмен веществ и пищеварение у сельскохозяйственных животных
_e[Сб. статей]
_fНауч. ред. чл.-кор. ВАСХНИЛ Ф.Ю. Палфий, Н.Н. Зефирова
_gГос. ком. Совета Министров по науке и технике. АН СССР. ВИНИТИ
210 _aМосква
_cБ. и.
_d1978
215 _a156 с.
_cил.
_d21
225 1 _aИтоги науки и техники
_iЖивотноводство и ветеринария
_vТ. 11
300 _aНа обл. только загл. сер.
320 _aБиблиогр. в конце статей
702 1 _aЗефирова
_bН.Н.
_4340
702 1 _aПалфий
_bФ.Ю.
_4340
801 0 _aRU
_bNLR
_gpsbo
801 1 _aRU
_bELAR
_2rusmarc
852 _aNLR
_jП13/1369
899 _aRuMoRGB
_jБ 72-76/42
899 _aRuMoRGB
_jБ 72-76/44
942 _cBOOK
980 _aNB